000
00295nam a22001217a 4500
008
160512b xxu||||| |||| 00| 0 eng d
020
_a
9780443074226
020
_a
0443074224
041
_a
eng
080
_a
61
245
_a
Progress in obstetrics and gynaecology:
_c
John Studd;
942
_2
udc
_c
BK
999
_c
2070
_d
2070